THE PROPHET (Record no. 216727)

MARC details
000 -LEADER
fixed length control field 00525nam a22001577a 4500
008 - FIXED-LENGTH DATA ELEMENTS--GENERAL INFORMATION
fixed length control field 260302b |||||||| |||| 00| 0 eng d
020 ## - INTERNATIONAL STANDARD BOOK NUMBER
International Standard Book Number 978-0-141-18701-3
050 ## - LIBRARY OF CONGRESS CALL NUMBER
Classification number PS 3513 .I 25 G 53 1998
100 ## - MAIN ENTRY--PERSONAL NAME
Personal name GIBRAN, KAHLIL
245 ## - TITLE STATEMENT
Title THE PROPHET
260 ## - PUBLICATION, DISTRIBUTION, ETC.
Place of publication, distribution, etc. NEW YORK,
Name of publisher, distributor, etc. PENGUIN BOOKS,
Date of publication, distribution, etc. 1992,
300 ## - PHYSICAL DESCRIPTION
Extent XIII, 107P.
650 ## - SUBJECT ADDED ENTRY
Topical term or geographic name entry element 1. Philosophy-.Literary works 2. Spiritual life-Poetry 3. Arabic literature-Translations into English 4. Wisdom literature-Textbooks
942 ## - ADDED ENTRY ELEMENTS (KOHA)
Source of classification or shelving scheme Library of Congress Classification
Koha item type Long Loan Book
Holdings
Withdrawn status Lost status Source of classification or shelving scheme Damaged status Not for loan Collection Home library Current library Shelving location Date acquired Inventory number Total checkouts Full call number Barcode Date last seen Copy number Price effective from Koha item type
    Library of Congress Classification     Arts & Social Sciences Kisii University Library Kisii University Library On Display 03/02/2026 112043   PS 3513 .I25 G53 1998 A000625 03/02/2026 1 03/02/2026 Long Loan Book
    Library of Congress Classification     Arts & Social Sciences Kisii University Library Kisii University Library On Display 03/02/2026 112044   PS 3513 .I25 G53 1998 A000623 03/02/2026 2 03/02/2026 Long Loan Book
    Library of Congress Classification     Arts & Social Sciences Kisii University Library Kisii University Library On Display 03/02/2026 112045   PS 3513 .I25 G53 1998 A000621 03/02/2026 3 03/02/2026 Long Loan Book
    Library of Congress Classification     Arts & Social Sciences Kisii University Library Kisii University Library On Display 03/02/2026 112046   PS 3513 .I25 G53 1998 A000572 03/02/2026 4 03/02/2026 Long Loan Book